| 000 | 01121nam a2200217Ia 4500 | ||
|---|---|---|---|
| 003 | Ost | ||
| 005 | 20260507075639.0 | ||
| 008 | 260507s9999||||xx |||||||||||||| ||und|| | ||
| 040 | _cfsecg | ||
| 041 | _aara | ||
| 082 | _a350 | ||
| 100 |
_aالعيسوي، عبد الرحمان _eمؤلف |
||
| 245 | 0 |
_aسيكولوجية الإدارة / _c عبد الرحمان العيسوي |
|
| 260 |
_aالإسكندرية: _bالدار الجامعية, _c1999 |
||
| 300 |
_a277 صفحة؛ _bإيضاحات ؛ _c24 سم |
||
| 520 | _aالمضمون النفسي-الأسس النفسية في التنظيم الإداري -دور الإدارة في الحفاظ على الصحة المهنية-دور الإدارة في عملية اختيار الأفراد وتقديرهم-تولي شخصيات مضطربة مناصب ادارية -دور الإدارة الديمقراطية في تنمية الشخصية -دراسة ميدانية للمشكلات الإدارية | ||
| 653 | _aالإدارة | ||
| 653 | _aعلم النفس الاداري | ||
| 653 | _aعلم النفس الصناعي | ||
| 942 | _cكتاب | ||
| 999 |
_c45354 _d45354 |
||